| 000 | 00406pab a2200157 454500 | ||
|---|---|---|---|
| 008 | 180718b2013 xxu||||| |||| 00| 0 eng d | ||
| 100 | _aWolff, Francois-Charles | ||
| 245 | _aWell-being of elderly people living in nursing homes: The benefits of making friends | ||
| 260 | _c2013 | ||
| 300 | _ap.153-171. | ||
| 362 | _aFeb | ||
| 650 | _aElderly | ||
| 773 | _aKyklos | ||
| 908 | _aN | ||
| 909 | _a101072 | ||
| 999 |
_c101071 _d101071 |
||